| 000 | 00000nam##2200000za#4500 |
| 001 | 9.697068 |
| 003 | CaOODSP |
| 005 | 20210624235322 |
| 007 | cr ||||||||||| |
| 008 | 150407|2009||||xxc|||||o f|0| 0 eng|d |
| 040 | |aCaOODSP|beng |
| 043 | |an-cn--- |
| 086 | 1 |aFs23-588/1-2009E-PDF |
| 110 | 1 |aCanada. |bDepartment of Fisheries and Oceans. |
| 245 | 10|aExpert Workshop on Flag State Responsibilities : |h[electronic resource]|bAssessing Performance and Taking Action, 25 – 28 March 2008, Vancouver, Canada |
| 260 | |aOttawa - Ontario : |bFisheries and Oceans Canada |c[February, 2009]. |
| 300 | |a24p. |
| 500 | |a"The workshop results are outlined in this report. Participants will also prepare a Guidance Document for possible future use in FAO consultation processes."--Page 2 of 24. |
| 590 | |a13-02-Supp|b2013-01-11 |
| 775 | 08|tAtelier d'experts sur la responsabilité des Étas du pavillon : |w(CaOODSP)9.641189 |
| 856 | 40|ahttp://publications.gc.ca|qPDF|s230 KB|uhttps://publications.gc.ca/collections/collection_2013/mpo-dfo/Fs23-588-1-2009-eng.pdf |